000 00714nam a2200205Ii 4500
003 JO-AjNU
008 230605s9999||||xx |||||||||||||| ||und||
040 _aJO-AjNU
_bara
_erda
_cJO-AjNU
041 _aara
050 1 4 _aBP134.L67.K8286 2003
100 3 _aتاليف الكبيسي،عمر شاكر,
_eauthor
_913196
245 0 0 _aالحب في القرآن الكريم
250 _aط1
264 3 1 _aبيروت: مؤسسة الريان، 2003
300 _a223ص
336 _atext
_btxt
_2rdacontent
337 _aunmediated
_bn
_2rdamedia
338 _avolume
_bnc
_2rdacarrier
650 4 _aالحب في القران - الاسلام والحب - القران والعلاقات الانسانية
_913197
999 _aA3221
_c6789
_d6789